Statistics for Countries Selling the Most Electric Cars

Click here to take the quiz!

General Stats

  • This quiz has been taken 134 times
  • The average score is 9 of 10

Answer Stats

SalesCountry% Correct
328,000United States
99%
1,170,000China
97%
394,632Germany
97%
175,082United Kingdom
96%
194,881France
94%
31,000Japan
91%
47,000Canada
87%
96,054Sweden
86%
113,588Norway
79%
89,362Netherlands
69%

Score Distribution

Percentile by Number Answered

Percent of People with Each Score

Your Score History

You have not taken this quiz